| 000 | 00834cam a2200289 a 4500 | ||
|---|---|---|---|
| 001 | 4473837 | ||
| 003 | ARRUPE | ||
| 005 | 20130924131831.0 | ||
| 008 | 901203s1990 enk b 001 0 eng d | ||
| 020 | _a0718131568 : | ||
| 035 | _a(OCoLC)22068581 | ||
| 035 | _a(OCoLC)ocm22068581 | ||
| 035 | _a(NNC)4473837 | ||
| 040 |
_aNN _cNN _dNNUT |
||
| 050 | 0 |
_aBX1912 _b.R495 |
|
| 100 | 1 |
_aRice, David, _d1945- _9939 |
|
| 245 | 1 | 0 |
_aShattered vows : _bexodus from the priesthood / _cDavid Rice. |
| 260 |
_aLondon : _bM. Joseph, _c1990. |
||
| 300 |
_a280 p. ; _c24 cm. |
||
| 500 | _aIncludes index. | ||
| 504 | _aBibliography: p. [265]-270. | ||
| 610 | 2 | 0 |
_aCatholic Church _xClergy. _9940 |
| 610 | 2 | 0 |
_aCelibacy _9941 |
| 650 | 0 |
_aCelibacy _xCatholic Church _vControversial literature. _9942 |
|
| 942 |
_2lcc _cMONOGRAPH |
||
| 999 |
_c117961 _d117961 |
||